Регионална библиотека "Любен Каравелов" - Русе

Огън в тъмна нощ (Запис номер 186411)

MARC детайли
000 -Лидер
Контролно поле с фиксирана дължина 01279nam a2200313 a 4500
003 - Код на организацията, давaща контролен номер
Контролно поле BLK
005 - Дата и час на последна редакция
Контролно поле 20240301163920.0
008 - Елементи от данни с фиксирана дължина
fixed length control field 180411b bul|||||r ||||||| ||bul||
010 ## - Наследен системен номер
LC control number KNG00195406000
040 ## - Източник на каталожния запис
Идентификатор на билиотеката - собственик на записа BLK
041 ## - Код за език
Код за езика на текст/звукозапис или на отделно заглавие Български
Код за езика КДБФ Български
080 ## - УДК
Текстов определител УДК Португалска литература
УДК код - определител по УДК 821.134.3
УДК определител -31
УДК - код + определител 821.134.3-31
100 1# - Редна дума - Автор
Автор Намора, Фернанду
Авторска отговорност първи автор
R(LIN) 100537
139 ## - Редно поле
Редна дума Намора, Фернанду
Авторски знак Нам - Н 20
245 10 - Сведения за заглавието
Заглавие Огън в тъмна нощ
Подзаглавни данни Роман
Редно поле (дума) Фернанду Намора; прев. от португ. Сидония Йорданова Пожарлиева; прев. от португ. Здравка Найденова.
257 ## - Страна на издаване
Страна на създаване/издаване Португалия
260 ## - Област на издателските данни
Място на издаване, разпространение и проч. София
Име на издателя, разпространителя и проч. Нар. младеж
Година на издаване 1980
300 ## - Физическа характеристика
Страници 344 с.
Размери/Мащаб 20 см
380 ## - Жанр
Жанр Худож. лит.
500 ## - Общи забележки
Забележка Ориг. загл. Fogo na noite escura. - 30 141 тир.
700 ## - Други автори (авторска отговорност)
Лично име Пожарлиева, Сидония Йорданова
9 (RLIN) 366190
700 1# - Други автори (авторска отговорност)
Лично име Найденова, Здравка
Автороска отговорност (Описва отношението между автора и произведението) прев. от португ.
9 (RLIN) 364459
852 ## - Местоположение
Форматна сигнатура Цб 103419
Фондова буква Хранилище
856 4# - Електронен адрес и достъп
Електронен формат pdf - файл
856 4# - Електронен адрес и достъп
Електронен формат pdf - файл
999 ## - СИСТЕМНИ КОНТРОЛНИ НОМЕРА
Koha biblionumber 186411
Koha biblioitemnumber 186411
942 ## - АРТИКУЛИ
Вид на библиотечния материал Книги
Скрит в OPAC Не
Периодичен библиозапис Да
944 ## - СЪЗДАВАНЕ И РЕДАКЦИЯ на ЗАПИСА
Създаване/Редакция Създаване
Дата на регистрацията/редакция 08.11.2016
Служител, извършил регистрацията/редакцията 30560
Статус, дата на статуса Геновева Генчева
944 ## - СЪЗДАВАНЕ И РЕДАКЦИЯ на ЗАПИСА
Създаване/Редакция Редакция
Дата на регистрацията/редакция 08.11.2016
Служител, извършил регистрацията/редакцията Грета_Цуфелде
Наличности
Код за отписване Код за изгубен артикул Източник на класификационната схема Код за повреда Коз за рестрикции Код за отдаване Артикулен № Име на библиотеката - собственик Име на библиотеката, в която се намира в момента Статус (Текущо местоположение) Дата на вписване в системата Местоположение - отдел Цена в лева Инвентарен номер Систематично азбучна сигнатура Баркод Номер на екземпляра Цена в евро Служебна бележка Служебен тип на артикула
  Не е изгубен Universal Decimal Classification Не е повреден само за читалня ползва се в читалня 324489 Регионална библиотека "Любен Каравелов" Русе Регионална библиотека "Любен Каравелов" Русе Хранилище 1980-01-01 Хранилище 2.24 303949 Цб 103419 120000303949 1 1.15 N: стар фонд Дата: 01.01.1980 Книги
Изтеглен Не е изгубен Universal Decimal Classification Не е повреден без рестрикции заемане за дома 324490 Регионална библиотека "Любен Каравелов" Русе Регионална библиотека "Любен Каравелов" Русе Заемна - подръчен фонд 1980-01-01 Заемна - подръчен фонд 2.24 305986 П 869.0-31/Н 20 120000305986 2 1.15 N: стар фонд Дата: 01.01.1980 Дата инв: 09.02.2018 Бележки инв: П2018 Книги
Vip Innovations Ltd, Rousse, Bulgaria 2025